02088nam a2200241Ia 4500001000600000003000900006008004100015040001300056040001300069041001300082100001700095100002900112245007200141245007200213250001100285260001100296260001800307260004900325300005600374500135900430650002601789650003101815H5538IT-RoPAU130308s9999 xx 000 0 und d aIT-RoPAU cIT-RoPAU aITALIANO aTomasi Dario gCodice Aut. SPICS: 25367 aLezioni di regia. Modelli e forme della messinscena cinematografica bLezioni di Regia. modelli e forme della messinscena Cinematografica a1a ed. aTORINO bUtet Libreria c2004 [1° Ed.:2004 - Ed.Ling.Originale:2004] a"414 p. (prefazione: 10; testo: 404 [pagine: 0-0])" a"Introduzione. I Conversazione: Modello Classico, campi e Controcampi; Discussioni Profonde; Nipponismi; Questa è mia Parola; Dire Eccentrico. Ii lettera da 1 Sconosciuta: Dalle Parole Ai Fatti e Viceversa; tra testo e Immagine, Intermittenza, Contemporaneità, Sovrapposizione; immagini Non Narrative, lettere Recitate; Testi e Voci; immagini di Parole e Parole senza Immagini; Scrittura tra Estetica e Spettacolo. III Sparatoria: Come Sparavano; Mitraillade Dehors; Wild Bulletts; conflitti di Piani e Geometrie di Fuoco; Attenti al Bambino, Sguardo e Carrozzina; Hong Kong, Hollywood, tokyo. Iv Spped: Alternanze Silenziose; Arrivano I Nostri; Macchine, Maschere, Uomini;Ironie e Paradossi; Minimalismo D'Autore; a testa in Giu' in 1 Mondo Digitale. V Baciami Stupido: Baci per Bene; Non così Appresso; a pezzi e Bocconi; così sopra le Righe da mettere I Brividi; tre volte di Barry, forza Delracconto; spettacoli Postmoderni. VI Facciamo Amore: a Tyouch Of Sex, Ellissi, Allusioni, Metafore; Avantg(H)Ard(E), Potere All'Immaginazione; Nouvelles Vagues Erotiques; Sesso D'Autore, Passione, Ironia, Sentimento; 20 Anni Amore, Ultimi. VII immagine Specchio: Specchio Controcampo; inizio e Fine; Specchio Show; sindrome Jekyll; Biforcazioni Narrative; Specchio Autoriflessivo, Cognitivo, Labirinto; 3 volte M e Shining. VIII Sogni. Note. Indice" aREGIA CINEMATOGRAFICA eCodice materia Spics: 6803